Контроль выбросов газов в вентсистему по объёмной активности нуклидов радиойода с помощь. установки УДИ-1Б; АНРИ; Аппаратура и новости радиационных измерений; № 4
| Parent link: | АНРИ.— , 2000- Аппаратура и новости радиационных измерений: научно-информационный журнал/ Доза ; Государственный комитет по санэпиднадзору РФ ; Метрологическая академия РФ № 4.— 2003.— С. 57-62 |
|---|---|
| Další autoři: | , , , |
| Jazyk: | ruština |
| Vydáno: |
2003
|
| Edice: | Аппаратура |
| Témata: | |
| Médium: | MixedMaterials Kapitola |
| KOHA link: | https://koha.lib.tpu.ru/cgi-bin/koha/opac-detail.pl?biblionumber=389325 |
MARC
| LEADER | 00000naa2a2200000 4500 | ||
|---|---|---|---|
| 001 | 389325 | ||
| 005 | 20231101063841.0 | ||
| 035 | |a (RuTPU)RU\TPU\prd\21375 | ||
| 090 | |a 389325 | ||
| 100 | |a 20040116a2003 k y0rusy50 ca | ||
| 101 | 0 | |a rus | |
| 102 | |a RU | ||
| 200 | 1 | |a Контроль выбросов газов в вентсистему по объёмной активности нуклидов радиойода с помощь. установки УДИ-1Б |f С. В. Беланов, Ю. Н. Мартынюк, В. И. Чернышев, Н. И. Рыбкин | |
| 225 | 1 | |a Аппаратура | |
| 461 | 1 | |0 (RuTPU)RU\TPU\prd\1302 |t АНРИ |d 2000- | |
| 461 | |t Аппаратура и новости радиационных измерений |o научно-информационный журнал |f Доза ; Государственный комитет по санэпиднадзору РФ ; Метрологическая академия РФ | ||
| 463 | 1 | |0 (RuTPU)RU\TPU\prd\20837 |t № 4 |v С. 57-62 |d 2003 | |
| 610 | 1 | |a радиойод | |
| 610 | 1 | |a вентиляционные системы | |
| 610 | 1 | |a аппаратура УДИ -1Б | |
| 610 | 1 | |a установки | |
| 610 | 1 | |a нуклиды | |
| 610 | 1 | |a активность | |
| 610 | 1 | |a газы | |
| 610 | 1 | |a выбросы | |
| 610 | 1 | |a контроль | |
| 610 | 1 | |a атомные станции | |
| 610 | 1 | |a теплоносители | |
| 701 | 1 | |a Беланов |b С. В. | |
| 701 | 1 | |a Мартынюк |b Ю. Н. | |
| 701 | 1 | |a Чернышев |b В. И. | |
| 701 | 1 | |a Рыбкин |b Н. И. | |
| 801 | 1 | |a RU |b 63413507 |c 20040116 |g PSBO | |
| 801 | 2 | |a RU |b 63413507 |c 20120321 |g RCR | |
| 942 | |c BK | ||